Charlize Theron Movies Quiz Stats

 Plays Quiz Updated Dec 31, 2020

Support Sporcle.
Go Orange.
Score 0/46 Timer 08:00
0 Plays Today
Year Movie % Correct
2003Monster
87.7%
2015Mad Max: Fury Road
78.6%
2019The Addams Family
77.1%
2019Bombshell
72.7%
2017Atomic Blonde
59.4%
2012Snow White and the Huntsman
58.7%
2017The Fate of the Furious
50.8%
2003The Italian Job
49.5%
2018Tully
47.5%
2016The Huntsman: Winter's War
45.3%
2012Prometheus
43%
2019Long Shot
42.7%
1997The Devil's Advocate
40.9%
2005Æon Flux
40.8%
2008Hancock
37.3%
2020The Old Guard
35.6%
2016Kubo and the Two Strings
34.3%
2014A Million Ways to Die in the West
32.5%
2005North Country
30.7%
2018Gringo
26.2%
1998Mighty Joe Young
26.1%
1999The Cider House Rules
25%
2000Reindeer Games
24.4%
Year Movie % Correct
2001Sweet November
24.4%
2015Dark Places
23.6%
1999The Astronaut's Wife
23.2%
2000The Legend of Bagger Vance
20.6%
19962 Days in the Valley
18.7%
2011Young Adult
18%
1996That Thing You Do!
17.6%
2007In the Valley of Elah
16.4%
2016The Last Face
15.7%
1998Celebrity
13.4%
2004The Life and Death of Peter Sellers
11.8%
2000Men of Honor
10.8%
2002Trapped
10.8%
2004Head in the Clouds
9%
2001The Curse of the Jade Scorpion
8%
2000The Yards
8%
2007Battle in Seattle
7.9%
2008The Burning Plain
7.8%
2002Waking Up in Reno
7.6%
2009Astro Boy
7.3%
1997Trial and Error
7.1%
200115 Minutes
7%
2008Sleepwalking
6.6%

From the Vault

'(Don't Fear) The Reaper' Lyrics

by caramba

Music 10m
Needs more cowbell!
Remove Ads.
Support Sporcle.
Get the best of Sporcle when you Go Orange. This ad-free experience offers more features, more stats, and more fun while also helping to support Sporcle. Thank you for becoming a member.

Show Comments

Extras

Top Quizzes Today


Score Distribution

Your Account Isn't Verified!

In order to create a playlist on Sporcle, you need to verify the email address you used during registration. Go to your Sporcle Settings to finish the process.

Report this User

Report this user for behavior that violates our Community Guidelines.

Details: